00916nam a22002417a 4500003000400000005001700004008004100021040001800062050002200080100004100102245006700143300002000210500010100230504005300331650006300384650003400447650003000481650003300511650003400544650006400578942001500642999001700657OSt20260530115319.0260508b1974 xxc||||| |||| 00| 0 eng d aICIbspacICI aHC79.T4bF74 19821 aFreeman, Christopher,eautor.93423314aThe economics of industrial innovation /cChristopher Freeman. a409 páginas : aObra fundamental sobre la relación entre innovación tecnológica y crecimiento económico. aIncluye referencias bibliográficas e índice. 0aInnovaciones tecnológicasxAspectos económicos.934234 0aEconomía industrial.934235 0aDesarrollo tecnológico. 0aCambio tecnológico.934237 0aPolítica industrial.934238 0aInvestigación y desarrolloxAspectos económicos.934239 2lcccBKn1 c13726d13726